000 01342nam a22002297a 4500
003 URS
005 20250317152949.0
008 250317b |||||||| |||| 00| 0 eng d
050 0 0 _aLG 221.R59
_b.C318 2016
100 _aAngelica C. Cayron
245 _aSelf-efficacy among Students with learning disabilities
_cAngelica C. Cayron
300 _axi. 63 leaves
_bIllustrations,
_c.28cm
336 _2rdacontent
_aunmediated
337 _2rdamedia
_a unmediated
338 _2rdacarrier
_avolume
502 _aUndergraduate Thesis
_bBachelor of Elementary Education
_cUniversity of Rizal System, Rodriguez, Rizal
_d2016
520 _aThe researchers aimed to know the self-efficacy among students with learning disabilities. This was conducted during the School Year 2014-2015 at Commonwealth Elementary School. The respondents were 10 students from the Special Education of Commonwealth Elementary School This study used the qualitative method of research utilizing a questionnaire checklist and documentary analysis to collect the necessary data The researchers also employed the observations and interview techniques to validate and substantiate all collected data for research.
650 _2the self-efficacy among students
700 _aLappay Lialen S.
_eResearcher
700 _aGimeno Ferdinad
_eAdviser
942 _2lcc
_cT
999 _c82409
_d82408